000 00351 a2200157 4500
001 169200
020 _a
040 _cMagnum
100 _aSoares, Magda
240 1 0 _aUma proposta para o letramento: livro 3
_lpor
245 1 0 _aUma proposta para o letramento: livro 3
362 0 _a1899
440 1 _aModerna
697 _aENSINO
942 _cBK
999 _c169200
_d169200